000 00712nam a2200241Ia 4500
005 20260609164405.0
008 260609s9999||||xx |||||||||||||| ||und||
020 _a9781444106060
020 _qpbk
082 _a491.44
_bRAD
100 _aRadice, William
245 0 _aComplete bengali
250 _a10987th imp. 2014
260 _aGurugram
_bHachette India
_c2010
300 _axxx, 418p. ; 20cm.
490 _aTeach yourself
653 _aBangladesh—Languages
653 _aBengali language—Conversation and phrase books
653 _aBengali language—Grammar
653 _aBengali language—Self-instruction
653 _aBengali language—Textbooks for foreign speakers
942 _cBK
999 _c57174
_d57174